| 000 | 005480000a22001210004500 | ||
|---|---|---|---|
| 100 | 1 | _aDrehmer, Erni | |
| 245 | 1 | 0 | _aOficio da reconciliaçâo e da penitência |
| 300 | _ano.28 (may., 2009), p.3-9 | ||
| 520 | _aDesde los tiempos antiguos, la humanidad se ha enfrentado a su condición pecadora ante Dios. perdón, sin embargo, es un acto de Dios. es él quien pone fin a una desastrosa situación creada por la desobediencia humana y restablecer una relación nueva con su creación. | ||
| 650 | 1 | 4 | _aRECONCILIACION |
| 773 | 0 | _tTEAR | |
| 942 | _cANA | ||
| 999 |
_c63092 _d63092 |
||